000 01501nam a2200277Ia 4500
999 _c55580
_d55580
001 22662
003 GE_BSU
005 20230216102243.0
008 181216s2016||||ge |||||||||||||| ||geo||
010 _a99789941 (ორივე წიგნის) 9789941090387 (წ. 2)
020 _a9789941090387
040 _cGE_BSU
041 _ageo
080 _a341 გ-13
100 _aგაბუნია, დავით.
_916928
245 _aსაერთაშორისო საავტორო სამართალი :
_bწ. 2, ისმო-ს ხელშეკრულება საავტორო უფლებების შესახებ ; ისმო-ს ხელშეკრულება შესრულებისა და ფონოგრამების შესახებ : ანალიზი და კომენტარები /
_cდავით გაბუნია.
264 _aთბილისი :
_bსაქპატენტი,
_c2016.
300 _a208 გვ.;
_b23 სმ.
501 _aდანართი ინგლისურ ენაზე.
504 _aბიბლიოგრ.:გვ.207
541 _h20ლ.
653 _aსაავტორო სამართალი.
653 _aისმო-ს ხელშეკრულება
653 _aისმო-ს ხელშეკრულება ფონოგრამების შესახებ
942 _cBK
_2udc